[Event "22nd Hoogeveen Open 2018"]
[Site "Hoogeveen"]
[Date "2018.10.24"]
[Round "6"]
[White "Dev, Shah"]
[Black "Van Randtwijk, Mick"]
[Result "1-0"]
[WhiteElo "2146"]
[BlackElo "1979"]
[Annotator "NA"]
[PlyCount "89"]
[EventDate "2018.10.20"]
[EventType "swiss"]
[EventCountry "NED"]
[SourceTitle "playchess.com"]
[Source "ChessBase"]
[SourceQuality "1"]
[TimeControl "40/5400+30:1800+30"]

1. d4 {[%emt 0:00:51]} Nf6 {[%emt 0:00:00]} 2. c4 {[%emt 0:00:06]} e6 {[%emt 0:00:00]} 3. Nc3 {[%emt 0:00:04]} Bb4 {[%emt 0:00:00]} 4. e3 {[%emt 0:00:04]} O-O {[%emt 0:00:00]} 5. Bd3 {[%emt 0:00:03]} c5 {[%emt 0:00:09]} 6. Nf3 {[%emt 0:00:17]} Nc6 {[%emt 0:00:18]} 7. O-O {[%emt 0:00:21]} d6 {[%emt 0:00:19]} 8. a3 {[%emt 0:00:24]} Bxc3 {[%emt 0:00:07]} 9. bxc3 {[%emt 0:00:07]} e5 {[%emt 0:01:53]} 10. d5 {[%emt 0:06:48]} Ne7 {[%emt 0:00:45]} 11. e4 {[%emt 0:00:46]} Ng6 {[%emt 0:00:17]} 12. Ne1 {[%emt 0:09:47]} Qa5 $11 {[%emt 0:04:14]} 13. Bd2 {[%emt 0:05:39]} a6 {[%emt 0:03:43]} 14. f3 {[%emt 0:11:50]} b5 {[%emt 0:12:54]} 15. Qe2 {[%emt 0:08:00]} bxc4 {[%emt 0:04:34]} 16. Bxc4 {[%emt 0:00:09]} Rb8 {[%emt 0:00:04]} 17. a4 {[%emt 0:13:20]} Nd7 {[%emt 0:11:46]} 18. Bd3 {[%emt 0:06:48]} Rb2 {[%emt 0:02:08]} 19. Bc2 {[%emt 0:06:20]} Qd8 {[%emt 0:12:26]} 20. Bc1 {[%emt 0:07:51]} Rb6 {[%emt 0:00:42]} 21. Bd3 {[%emt 0:03:21]} a5 {[%emt 0:02:39]} 22. g3 {[%emt 0:01:24]} Qc7 {[%emt 0:05:52]} 23. c4 {[%emt 0:01:11]} Rb4 {[%emt 0:02:07]} 24. Ba3 {[%emt 0:04:22]} Rb8 {[%emt 0:00:05]} 25. Ng2 {[%emt 0:00:09]} Nb6 {[%emt 0:00:29]} 26. Qc2 {[%emt 0:01:00]} Bd7 {[%emt 0:01:10]} 27. Bc1 {[%emt 0:00:05]} Rb7 {[%emt 0:02:52]} 28. Bd2 {[%emt 0:01:00]} Na8 {[%emt 0:01:44]} 29. Bc3 {[%emt 0:01:39]} Rfb8 {[%emt 0:01:13]} 30. f4 {[%emt 0:01:36]} f6 {[%emt 0:00:14]} 31. f5 {[%emt 0:00:38]} Nf8 {[%emt 0:00:23]} 32. g4 {[%emt 0:00:38]} Rb3 {[%emt 0:01:49]} 33. Qd2 {[%emt 0:00:40]} Qa7 {[%emt 0:02:34]} 34. Bc2 {[%emt 0:00:56]} R3b6 {[%emt 0:01:40]} 35. g5 {[%emt 0:02:22]} Be8 {[%emt 0:00:16]} 36. h4 {[%emt 0:01:31]} Qa6 {[%emt 0:04:27]} 37. Ne3 {[%emt 0:01:44]} Qa7 {[%emt 0:01:06]} 38. Kh1 {[%emt 0:03:17]} Kh8 {[%emt 0:02:31]} 39. Rg1 {[%emt 0:00:43]} Ra6 {[%emt 0:00:58]} 40. gxf6 {[%emt 0:00:58]} gxf6 {[%emt 0:00:04]} 41. Ng4 {[%emt 0:01:27]} Qe7 {[%emt 0:02:00]} 42. Nh6 {[%emt 0:01:21]} Bf7 {[%emt 0:00:03]} 43. Qg2 {[%emt 0:00:13]} Bxd5 {[%emt 0:00:05]} 44. Qg8+ {[%emt 0:00:12]} Bxg8 {[%emt 0:00:04]} 45. Rxg8# {[%emt 0:00:06]} 1-0

[Event "22nd Hoogeveen Open 2018"]
[Site "Hoogeveen"]
[Date "2018.10.24"]
[Round "6"]
[White "Vroombout, Enrico"]
[Black "Oord, Raymon"]
[Result "1-0"]
[WhiteElo "2132"]
[BlackElo "1900"]
[Annotator "NA"]
[PlyCount "121"]
[EventDate "2018.10.20"]
[EventType "swiss"]
[EventCountry "NED"]
[SourceTitle "playchess.com"]
[Source "ChessBase"]
[SourceQuality "1"]
[TimeControl "40/5400+30:1800+30"]

1. d4 {[%emt 0:00:00]} Nf6 {[%emt 0:00:55]} 2. c4 {[%emt 0:00:00]} e6 {[%emt 0:00:10]} 3. Nc3 {[%emt 0:00:00]} d5 {[%emt 0:00:20]} 4. Bg5 {[%emt 0:00:06]} Be7 {[%emt 0:00:25]} 5. e3 {[%emt 0:00:04]} Nbd7 {[%emt 0:00:32]} 6. Nf3 {[%emt 0:00:07]} c6 {[%emt 0:01:36]} 7. Rc1 {[%emt 0:00:33]} O-O {[%emt 0:03:22]} 8. Bd3 {[%emt 0:00:17]} Re8 {[%emt 0:02:15]} 9. O-O {[%emt 0:00:31]} dxc4 {[%emt 0:06:30]} 10. Bxc4 {[%emt 0:00:04] LiveBook: 6 Games} a6 $14 {[%emt 0:07:32]} 11. Qc2 {[%emt 0:17:18]} b5 {[%emt 0:06:18]} 12. Bd3 {[%emt 0:00:17]} Bb7 {[%emt 0:14:28]} 13. Ne5 {[%emt 0:16:04]} h6 {[%emt 0:08:00]} 14. Bxf6 {[%emt 0:06:58]} Bxf6 {[%emt 0:03:23]} 15. Nxd7 {[%emt 0:01:09]} Qxd7 {[%emt 0:00:05]} 16. Ne4 {[%emt 0:00:01]} Be7 {[%emt 0:01:38]} 17. Nc5 {[%emt 0:02:02]} Bxc5 {[%emt 0:01:16]} 18. Qxc5 {[%emt 0:00:46]} e5 {[%emt 0:01:16]} 19. Rfd1 {[%emt 0:01:14]} exd4 {[%emt 0:02:46]} 20. Bf5 {[%emt 0:02:48]} Qc7 {[%emt 0:02:36]} 21. Rxd4 {[%emt 0:10:58]} Re5 {[%emt 0:03:53]} 22. Rd5 {[%emt 0:09:28]} Rxd5 {[%emt 0:02:08]} 23. Qxd5 {[%emt 0:00:03]} Rd8 {[%emt 0:00:58]} 24. Qc5 {[%emt 0:00:02]} Qd6 {[%emt 0:05:47]} 25. Qxd6 {[%emt 0:05:27]} Rxd6 {[%emt 0:00:03]} 26. Be4 {[%emt 0:08:45]} Kf8 {[%emt 0:02:38]} 27. Kf1 {[%emt 0:04:13]} Ke7 {[%emt 0:02:32]} 28. Ke2 {[%emt 0:00:04]} Kd7 {[%emt 0:01:10]} 29. Rc5 {[%emt 0:04:55]} f6 {[%emt 0:03:07]} 30. b4 {[%emt 0:01:56]} Kc7 {[%emt 0:01:14]} 31. f4 {[%emt 0:02:31]} Bc8 {[%emt 0:03:48]} 32. f5 {[%emt 0:00:44]} Bd7 {[%emt 0:01:23]} 33. a3 {[%emt 0:01:52]} Be8 {[%emt 0:00:51]} 34. Bf3 {[%emt 0:02:32]} Bf7 {[%emt 0:00:22]} 35. Be4 {[%emt 0:01:23]} Bc4+ {[%emt 0:00:29]} 36. Kf3 {[%emt 0:00:11]} Kb6 {[%emt 0:01:42]} 37. Kf4 {[%emt 0:01:14]} Bd3 {[%emt 0:04:51]} 38. Bf3 {[%emt 0:01:11]} Bc4 {[%emt 0:00:39]} 39. Be4 {[%emt 0:00:04]} Bd3 {[%emt 0:00:42]} 40. Bf3 {[%emt 0:00:34]} Bc4 {[%emt 0:00:12]} 41. Kg4 {[%emt 0:17:23]} a5 {[%emt 0:01:03]} 42. Kf4 {[%emt 0:00:36]} axb4 {[%emt 0:00:31]} 43. axb4 {[%emt 0:00:05]} Kc7 {[%emt 0:02:12]} 44. g4 {[%emt 0:02:05]} Kd7 {[%emt 0:02:02]} 45. h4 {[%emt 0:00:08]} Kc7 {[%emt 0:03:09]} 46. Kg3 {[%emt 0:01:26]} Kd7 {[%emt 0:01:40]} 47. Kf4 {[%emt 0:00:33]} Kc7 {[%emt 0:00:24]} 48. g5 {[%emt 0:00:03]} hxg5+ {[%emt 0:01:20]} 49. hxg5 {[%emt 0:00:03]} fxg5+ {[%emt 0:02:24]} 50. Kxg5 {[%emt 0:00:07]} Bf7 {[%emt 0:01:30]} 51. Re5 {[%emt 0:05:23]} Kd8 {[%emt 0:01:34]} 52. Re4 {[%emt 0:01:03]} Rf6 {[%emt 0:12:14]} 53. Rh4 {[%emt 0:02:52]} Ke7 {[%emt 0:04:42]} 54. Rh7 {[%emt 0:01:41]} Kf8 {[%emt 0:00:17]} 55. e4 {[%emt 0:02:24]} Rd6 {[%emt 0:02:41]} 56. e5 {[%emt 0:00:37]} Rd4 {[%emt 0:02:05]} 57. Bxc6 {[%emt 0:00:35]} Rxb4 {[%emt 0:00:39]} 58. e6 {[%emt 0:00:18]} Rc4 {[%emt 0:02:26]} 59. Rh8+ {[%emt 0:01:44]} Bg8 {[%emt 0:00:08]} 60. Rxg8+ {[%emt 0:00:27]} Kxg8 {[%emt 0:01:05]} 61. e7 {[%emt 0:00:03]} 1-0

[Event "22nd Hoogeveen Open 2018"]
[Site "Hoogeveen"]
[Date "2018.10.24"]
[Round "6"]
[White "Van Dorp, Folke"]
[Black "Warakomska, Anna"]
[Result "0-1"]
[WhiteElo "2097"]
[BlackElo "2293"]
[Annotator "NA"]
[PlyCount "84"]
[EventDate "2018.10.20"]
[EventType "swiss"]
[EventCountry "NED"]
[SourceTitle "playchess.com"]
[Source "ChessBase"]
[SourceQuality "1"]
[TimeControl "40/5400+30:1800+30"]

1. e4 {[%emt 0:00:00]} c5 {[%emt 0:00:00]} 2. Nc3 {[%emt 0:00:00]} e6 {[%emt 0:00:00]} 3. g3 {[%emt 0:00:01]} Nc6 {[%emt 0:00:03]} 4. Bg2 {[%emt 0:00:06]} g6 {[%emt 0:01:51]} 5. Nge2 {[%emt 0:00:12]} Bg7 {[%emt 0:00:11]} 6. d3 {[%emt 0:00:09]} Nge7 {[%emt 0:01:53]} 7. Be3 {[%emt 0:03:37]} Nd4 {[%emt 0:01:12] LiveBook: 44 Games} 8. O-O {[%emt 0:01:03] B24: Closed Sicilian: 3 g3 sidelines} Rb8 {[%emt 0:05:44]} 9. a3 {[%emt 0:07:46]} b5 {[%emt 0:02:36]} 10. b4 {[%emt 0:02:26]} d6 {[%emt 0:04:32]} 11. Rb1 {[%emt 0:01:38]} O-O {[%emt 0:04:55]} 12. Qd2 {[%emt 0:06:13]} Bd7 {[%emt 0:06:55]} 13. f4 {[%emt 0:08:26]} Nec6 $146 {[%emt 0:11:02]} ({Predecessor:} 13... Qc7 $11 14. Nd1 Nxe2+ 15. Qxe2 cxb4 16. axb4 {½-½ (40) Preziuso,T (2352)-Remis Fernandez,J (2328) ICCF email 2006}) 14. f5 {[%emt 0:20:39]} cxb4 {[%emt 0:17:50]} 15. axb4 {[%emt 0:00:07]} exf5 {[%emt 0:02:19]} 16. Nf4 {[%emt 0:06:00]} fxe4 {[%emt 0:01:02]} 17. Nxe4 {[%emt 0:02:12]} Nf5 {[%emt 0:00:50]} 18. Bf2 {[%emt 0:01:15]} Be6 {[%emt 0:13:00]} 19. c3 {[%emt 0:07:19]} Qd7 {[%emt 0:02:58]} 20. Rbe1 {[%emt 0:05:52]} h6 {[%emt 0:06:04]} 21. g4 {[%emt 0:05:43]} Nfe7 {[%emt 0:01:37]} 22. h3 {[%emt 0:01:50]} a5 {[%emt 0:01:55]} 23. bxa5 {[%emt 0:01:37]} Nxa5 {[%emt 0:01:20]} 24. Nxe6 {[%emt 0:02:25]} fxe6 {[%emt 0:00:15]} 25. Bg3 {[%emt 0:00:28]} Nb7 {[%emt 0:01:56]} 26. g5 {[%emt 0:01:50]} Nf5 {[%emt 0:00:59]} 27. Bh2 {[%emt 0:04:05]} h5 {[%emt 0:00:59]} 28. d4 {[%emt 0:01:43]} Na5 {[%emt 0:01:27]} 29. Ng3 {[%emt 0:02:36]} Nc4 $17 {[%emt 0:02:20]} 30. Qd3 {[%emt 0:00:53]} Kh7 {[%emt 0:03:53]} 31. Nxf5 {[%emt 0:00:54]} exf5 {[%emt 0:00:11]} 32. Bd5 {[%emt 0:00:29]} Rfe8 {[%emt 0:02:32]} 33. Bxc4 {[%emt 0:02:39]} bxc4 {[%emt 0:00:03]} 34. Qxc4 {[%emt 0:00:15]} Rbc8 {[%emt 0:00:05]} 35. Qd3 {[%emt 0:00:49]} Qc6 {[%emt 0:00:38]} 36. Rc1 {[%emt 0:03:08]} Re4 {[%emt 0:00:28]} 37. Kf2 {[%emt 0:01:20]} Rce8 {[%emt 0:01:09]} 38. Rfe1 {[%emt 0:00:22]} Qd5 {[%emt 0:00:39]} 39. Rxe4 {[%emt 0:00:34]} fxe4 {[%emt 0:00:15]} 40. Qg3 {[%emt 0:00:35]} e3+ {[%emt 0:00:29]} 41. Ke1 {[%emt 0:00:51]} Qa2 {[%emt 0:01:49]} 42. Rd1 {[%emt 0:01:02]} Qc2 {[%emt 0:01:19]} 0-1

[Event "22nd Hoogeveen Open 2018"]
[Site "Hoogeveen"]
[Date "2018.10.24"]
[Round "6"]
[White "Hoffman, Ron"]
[Black "Maters, Arthur"]
[Result "0-1"]
[WhiteElo "2060"]
[BlackElo "1933"]
[Annotator "NA"]
[PlyCount "98"]
[EventDate "2018.10.20"]
[EventType "swiss"]
[EventCountry "NED"]
[SourceTitle "playchess.com"]
[Source "ChessBase"]
[SourceQuality "1"]
[TimeControl "40/5400+30:1800+30"]

1. Nf3 {[%emt 0:00:00]} Nf6 {[%emt 0:00:00]} 2. c4 {[%emt 0:00:00]} g6 {[%emt 0:00:03]} 3. Nc3 {[%emt 0:02:03]} d5 {[%emt 0:03:20]} 4. cxd5 {[%emt 0:00:11]} Nxd5 {[%emt 0:00:08]} 5. Qb3 {[%emt 0:00:26]} Nb6 $1 {[%emt 0:04:25]} 6. d4 {[%emt 0:00:53]} Bg7 {[%emt 0:01:16]} 7. Bf4 {[%emt 0:01:31] LiveBook: 275 Games} Be6 {[%emt 0:11:54]} 8. Qc2 {[%emt 0:04:34]} c6 {[%emt 0:01:08] D90: Grünfeld: 4 Nf3 Bg7 sidelines} (8... Nc6 9. e3 Nb4 10. Qd1 O-O 11. a3 N4d5 12. Nxd5 Nxd5 13. Be5 Bxe5 14. Nxe5 c5 15. dxc5 Qa5+ 16. b4 {½-½ (34) Xu,Y (2523)-Wei,Y (2700) Xinghua 2016}) 9. e4 {[%emt 0:02:49]} O-O {[%emt 0:05:44]} 10. Rd1 {[%emt 0:01:07]} f6 {[%emt 0:02:33]} 11. Be2 {[%emt 0:08:33]} N8d7 {[%emt 0:01:45]} 12. O-O {[%emt 0:05:25]} Re8 $146 {[%emt 0:08:52]} ({Predecessor:} 12... Bf7 13. Rfe1 Qe8 14. b3 e5 15. Be3 Qe7 16. h3 {0-1 (53) Yuferev,O (2367)-Mammadova,G (2284) Moscow 2011}) 13. a4 {[%emt 0:08:03]} a5 {[%emt 0:01:49]} 14. d5 {[%emt 0:11:21]} cxd5 {[%emt 0:00:52]} 15. Nd4 {[%emt 0:01:34]} Bf7 {[%emt 0:13:20]} 16. exd5 {[%emt 0:01:11]} Nxd5 {[%emt 0:01:53]} 17. Nxd5 {[%emt 0:00:51]} Bxd5 {[%emt 0:00:14]} 18. Nb5 {[%emt 0:03:36]} Rc8 {[%emt 0:09:23]} 19. Bc7 {[%emt 0:22:39]} e6 {[%emt 0:00:05] [#]} 20. Bc4 $16 {[%emt 0:07:16]} Rxc7 {[%emt 0:01:28]} 21. Nxc7 {[%emt 0:01:09]} Qxc7 {[%emt 0:00:01]} 22. Rxd5 {[%emt 0:00:23]} Rc8 {[%emt 0:12:28]} 23. Rc1 {[%emt 0:02:07]} Qxc4 {[%emt 0:00:39]} 24. Qxc4 {[%emt 0:00:17]} Rxc4 {[%emt 0:00:04]} 25. Rxc4 {[%emt 0:00:47]} exd5 {[%emt 0:00:03]} 26. Rc8+ {[%emt 0:01:00]} Kf7 {[%emt 0:00:06]} 27. Rc7 {[%emt 0:00:14]} Ke6 {[%emt 0:00:05]} 28. Rxb7 {[%emt 0:00:08]} Bf8 {[%emt 0:00:12]} 29. Kf1 {[%emt 0:01:40]} Bb4 {[%emt 0:00:28]} 30. Ke2 {[%emt 0:00:19]} Nc5 {[%emt 0:00:22]} 31. Rxh7 {[%emt 0:01:15]} d4 {[%emt 0:05:52]} 32. Rh3 {[%emt 0:05:45]} d3+ {[%emt 0:00:00]} 33. Rxd3 {[%emt 0:00:10]} Nxd3 {[%emt 0:00:00]} 34. Kxd3 {[%emt 0:00:01]} Kd5 {[%emt 0:00:00]} 35. b3 {[%emt 0:02:08]} Bc5 {[%emt 0:00:00]} 36. f3 {[%emt 0:00:43]} Bg1 {[%emt 0:00:00]} 37. h3 {[%emt 0:00:14]} Bh2 {[%emt 0:00:00]} 38. b4 {[%emt 0:02:42]} axb4 {[%emt 0:00:00]} 39. a5 {[%emt 0:00:04]} Kc5 {[%emt 0:00:00]} 40. a6 {[%emt 0:00:07]} Kb6 {[%emt 0:00:00]} 41. Kc4 {[%emt 0:30:39]} Bd6 {[%emt 0:27:32]} 42. h4 {[%emt 0:00:18]} Kxa6 {[%emt 0:00:14]} 43. g4 {[%emt 0:00:20]} Ka5 {[%emt 0:00:05]} 44. Kd5 {[%emt 0:04:36]} b3 {[%emt 0:00:53]} 45. Kxd6 {[%emt 0:00:06]} b2 {[%emt 0:00:03]} 46. Ke6 {[%emt 0:00:08]} b1=Q {[%emt 0:00:09]} 47. Kxf6 {[%emt 0:01:18]} Kb5 {[%emt 0:00:15]} 48. h5 {[%emt 0:00:00]} gxh5 {[%emt 0:00:00]} 49. gxh5 {[%emt 0:00:00]} Qh7 {[%emt 0:00:00]} 0-1

[Event "22nd Hoogeveen Open 2018"]
[Site "Hoogeveen"]
[Date "2018.10.24"]
[Round "6"]
[White "Verhoef, Pieter"]
[Black "Shakhverdian, William"]
[Result "1-0"]
[WhiteElo "2058"]
[BlackElo "1903"]
[Annotator "NA"]
[PlyCount "57"]
[EventDate "2018.10.20"]
[EventType "swiss"]
[EventCountry "NED"]
[SourceTitle "playchess.com"]
[Source "ChessBase"]
[SourceQuality "1"]
[TimeControl "40/5400+30:1800+30"]

1. e4 {[%emt 0:00:00]} c5 {[%emt 0:00:00]} 2. Nf3 {[%emt 0:00:00]} d6 {[%emt 0:00:00]} 3. Bb5+ {[%emt 0:00:00]} Bd7 {[%emt 0:00:46]} 4. Bxd7+ {[%emt 0:00:00]} Qxd7 {[%emt 0:00:15]} 5. O-O {[%emt 0:00:02]} Nf6 {[%emt 0:01:14]} 6. Qe2 {[%emt 0:00:12]} Nc6 {[%emt 0:00:32]} 7. Rd1 {[%emt 0:00:19] B52: Sicilian: Moscow Variation with 3...Bd7} (7. b3 g6 8. Bb2 Bg7 9. c4 Nh5 10. Bxg7 Nxg7 11. Nc3 O-O 12. Qe3 e5 13. d3 f5 14. Nd5 f4 15. Qd2 Ne6 16. b4 {½-½ (71) Anand,V (2759)-Grischuk,A (2766) Leuven 2018}) 7... e6 {[%emt 0:01:11]} 8. d4 {[%emt 0:00:22]} cxd4 {[%emt 0:00:24]} 9. Nxd4 {[%emt 0:00:06]} Be7 {[%emt 0:07:05]} 10. c4 {[%emt 0:00:27]} Nxd4 {[%emt 0:00:54]} 11. Rxd4 {[%emt 0:00:07]} Qc6 {[%emt 0:00:30] LiveBook: 14 Games} 12. Nc3 {[%emt 0:00:30]} O-O {[%emt 0:01:41]} 13. b3 {[%emt 0:05:17] [#]} Rfe8 $146 {[%emt 0:09:01]} ({Predecessor:} 13... a6 14. Bb2 Rfd8 15. Rad1 Ne8 16. a4 Bf6 17. R4d3 Be5 18. Kh1 {½-½ (18) Erdos,V (2645)-Kovacevic,A (2557) Sarajevo 2013}) 14. Bb2 {[%emt 0:00:47]} a6 {[%emt 0:00:52]} 15. Rd2 {[%emt 0:06:23]} Rad8 {[%emt 0:03:20]} 16. Rad1 {[%emt 0:00:27]} Nd7 {[%emt 0:10:41]} 17. Qg4 {[%emt 0:05:47]} Ne5 {[%emt 0:03:08]} 18. Qg3 {[%emt 0:00:22]} Ng6 {[%emt 0:02:44]} 19. Ba3 {[%emt 0:01:32]} Bf6 $14 {[%emt 0:13:59]} 20. Bxd6 {[%emt 0:10:53]} Bxc3 {[%emt 0:00:51]} 21. Qxc3 {[%emt 0:00:07]} Qxe4 {[%emt 0:00:15]} 22. Bg3 {[%emt 0:01:07]} Rxd2 {[%emt 0:01:09]} 23. Qxd2 {[%emt 0:00:30]} Qc6 {[%emt 0:05:08]} 24. Qd7 {[%emt 0:09:11]} Qc8 {[%emt 0:04:51]} 25. Qxc8 {[%emt 0:02:37]} Rxc8 {[%emt 0:00:10]} 26. Rd7 {[%emt 0:00:06]} b5 {[%emt 0:00:05]} 27. c5 {[%emt 0:00:04]} Rxc5 {[%emt 0:06:52]} 28. Rd8+ {[%emt 0:00:07]} Nf8 {[%emt 0:00:05]} 29. Rxf8+ {[%emt 0:00:07]} 1-0

[Event "22nd Hoogeveen Open 2018"]
[Site "Hoogeveen"]
[Date "2018.10.24"]
[Round "6"]
[White "Boersma, Jan"]
[Black "Clemens, Adrian"]
[Result "1-0"]
[WhiteElo "2047"]
[BlackElo "2153"]
[Annotator "NA"]
[PlyCount "117"]
[EventDate "2018.10.20"]
[EventType "swiss"]
[EventCountry "NED"]
[SourceTitle "playchess.com"]
[Source "ChessBase"]
[SourceQuality "1"]
[TimeControl "40/5400+30:1800+30"]

1. e4 {[%emt 0:00:00]} c6 {[%emt 0:00:00]} 2. c4 {[%emt 0:00:00]} d5 {[%emt 0:00:57]} 3. cxd5 {[%emt 0:00:12]} cxd5 {[%emt 0:00:06]} 4. exd5 {[%emt 0:00:03]} Nf6 {[%emt 0:00:14]} 5. Bb5+ {[%emt 0:00:43]} Nbd7 {[%emt 0:00:41]} 6. Nc3 {[%emt 0:00:11]} a6 {[%emt 0:01:29]} 7. Qa4 {[%emt 0:10:44]} g6 $11 {[%emt 0:02:29] LiveBook: 59 Games} 8. Be2 {[%emt 0:13:17]} Bg7 {[%emt 0:02:03]} 9. d4 {[%emt 0:02:49]} O-O {[%emt 0:00:58]} 10. Bf3 {[%emt 0:00:25]} Ne8 {[%emt 0:12:54]} 11. Nge2 {[%emt 0:00:35]} Nd6 {[%emt 0:00:18]} 12. O-O {[%emt 0:00:49]} Nf6 {[%emt 0:05:45]} 13. h3 {[%emt 0:08:05]} Nf5 {[%emt 0:05:07]} 14. g3 {[%emt 0:00:24]} Nd6 {[%emt 0:04:23]} 15. Bg2 {[%emt 0:00:11]} b5 {[%emt 0:02:24]} 16. Qd1 {[%emt 0:00:56]} Bb7 {[%emt 0:04:35]} 17. Nf4 {[%emt 0:14:50]} Rb8 {[%emt 0:13:26]} 18. Nd3 {[%emt 0:04:56]} a5 {[%emt 0:09:02]} 19. Ne5 {[%emt 0:05:11]} Ra8 {[%emt 0:20:31]} 20. Nc6 {[%emt 0:00:55]} Qd7 {[%emt 0:00:10]} 21. Re1 {[%emt 0:12:02]} Rfe8 {[%emt 0:00:08]} 22. a3 {[%emt 0:03:42]} Ra6 {[%emt 0:03:56]} 23. Bg5 {[%emt 0:03:55]} h6 {[%emt 0:00:50]} 24. Bxf6 {[%emt 0:02:11]} Bxf6 {[%emt 0:00:06]} 25. Qd3 {[%emt 0:01:08]} e6 {[%emt 0:03:01]} 26. Ne5 {[%emt 0:01:06]} Qd8 {[%emt 0:01:20]} 27. dxe6 {[%emt 0:03:03]} Rxe6 {[%emt 0:00:18]} 28. Bxb7 {[%emt 0:00:55]} Nxb7 {[%emt 0:00:09]} 29. Qxb5 {[%emt 0:00:52]} Rab6 {[%emt 0:00:38]} 30. Qc4 {[%emt 0:00:37]} Nd6 {[%emt 0:01:29]} 31. Qd5 {[%emt 0:01:19]} Qe7 {[%emt 0:03:27]} 32. Qa8+ {[%emt 0:00:59]} Qf8 {[%emt 0:01:03]} 33. Qxf8+ {[%emt 0:00:08]} Kxf8 {[%emt 0:00:06]} 34. Nd5 {[%emt 0:00:03]} Rb7 {[%emt 0:00:35]} 35. Nxg6+ {[%emt 0:01:02]} Kg7 {[%emt 0:00:31]} 36. Nxf6 {[%emt 0:00:39]} Kxg6 {[%emt 0:01:29]} 37. Nd5 {[%emt 0:00:37]} Rxe1+ {[%emt 0:00:11]} 38. Rxe1 {[%emt 0:00:03]} Rxb2 {[%emt 0:00:06]} 39. Nf4+ {[%emt 0:01:06]} Kf6 {[%emt 0:00:58]} 40. Rc1 {[%emt 0:01:47]} Rb3 {[%emt 0:01:32]} 41. Rc3 {[%emt 0:30:30]} Rb2 {[%emt 0:30:32]} 42. Rf3 {[%emt 0:05:54]} Rd2 {[%emt 0:00:00]} 43. Kg2 {[%emt 0:00:00]} Ke7 {[%emt 0:00:00]} 44. Re3+ {[%emt 0:00:00]} Kd7 {[%emt 0:00:00]} 45. d5 {[%emt 0:00:00]} Ra2 {[%emt 0:00:00]} 46. Rc3 {[%emt 0:00:00]} Ne4 {[%emt 0:00:00]} 47. Rf3 {[%emt 0:00:00]} Nd2 {[%emt 0:00:00]} 48. Re3 {[%emt 0:00:00]} Nc4 {[%emt 0:00:00]} 49. Re4 {[%emt 0:00:00]} Nb6 {[%emt 0:00:00]} 50. Re3 {[%emt 0:00:00]} Nc4 {[%emt 0:00:00]} 51. Rc3 {[%emt 0:00:00]} Nxa3 {[%emt 0:00:00]} 52. Rc6 {[%emt 0:00:00]} Nb5 {[%emt 0:00:00]} 53. Nd3 {[%emt 0:00:00]} Nd4 {[%emt 0:00:00]} 54. Nc5+ {[%emt 0:00:00]} Ke7 {[%emt 0:00:00]} 55. d6+ {[%emt 0:00:00]} Kf6 {[%emt 0:00:00]} 56. Rc8 {[%emt 0:00:00]} Ne6 {[%emt 0:00:00]} 57. d7 {[%emt 0:00:00]} Ke7 {[%emt 0:00:00]} 58. Re8+ {[%emt 0:00:00]} Kd6 {[%emt 0:00:00]} 59. Rxe6+ {[%emt 0:00:00]} 1-0

[Event "22nd Hoogeveen Open 2018"]
[Site "Hoogeveen"]
[Date "2018.10.24"]
[Round "6"]
[White "Van de Pavoordt, Max"]
[Black "Husers, Yannic"]
[Result "1-0"]
[WhiteElo "2034"]
[BlackElo "1866"]
[Annotator "NA"]
[PlyCount "101"]
[EventDate "2018.10.20"]
[EventType "swiss"]
[EventCountry "NED"]
[SourceTitle "playchess.com"]
[Source "ChessBase"]
[SourceQuality "1"]
[TimeControl "40/5400+30:1800+30"]

1. d4 {[%emt 0:00:00]} Nf6 {[%emt 0:00:00]} 2. Nf3 {[%emt 0:00:00]} b6 {[%emt 0:01:12]} 3. Bf4 {[%emt 0:00:00]} d6 {[%emt 0:00:10]} 4. e3 {[%emt 0:00:33]} g6 {[%emt 0:00:08]} 5. c4 {[%emt 0:01:15]} Bg7 {[%emt 0:00:08]} 6. Nc3 {[%emt 0:00:06]} O-O {[%emt 0:00:13]} 7. Be2 {[%emt 0:01:59]} Bb7 {[%emt 0:01:16] LiveBook: 26 Games} 8. h3 {[%emt 0:01:13]} Nfd7 {[%emt 0:01:56]} 9. Bg3 {[%emt 0:05:54]} e5 {[%emt 0:06:08]} 10. d5 {[%emt 0:02:08]} Nc5 $14 {[%emt 0:06:10]} 11. h4 {[%emt 0:06:44]} h6 {[%emt 0:04:40]} 12. Nd2 {[%emt 0:07:10]} f5 {[%emt 0:04:01]} 13. f3 {[%emt 0:00:28]} a5 {[%emt 0:01:16]} 14. e4 {[%emt 0:04:00]} a4 {[%emt 0:07:45]} 15. Qc2 {[%emt 0:01:33]} Bc8 {[%emt 0:13:01]} 16. Bf2 {[%emt 0:02:24]} a3 {[%emt 0:03:05]} 17. b4 {[%emt 0:00:51]} Nca6 {[%emt 0:00:54]} 18. Rb1 {[%emt 0:01:42]} Nd7 {[%emt 0:04:51]} 19. Bd3 {[%emt 0:06:51]} f4 {[%emt 0:04:01]} 20. Nb5 {[%emt 0:02:06]} Nf6 {[%emt 0:01:35]} 21. Qb3 {[%emt 0:01:59]} Bd7 {[%emt 0:00:28]} 22. Nxa3 {[%emt 0:01:06]} g5 {[%emt 0:00:45]} 23. hxg5 {[%emt 0:01:48]} hxg5 {[%emt 0:01:49]} 24. Nc2 {[%emt 0:03:48]} Kf7 {[%emt 0:00:15]} 25. c5 {[%emt 0:03:08]} bxc5 {[%emt 0:01:41]} 26. Bxa6 {[%emt 0:00:26]} Rxa6 {[%emt 0:00:10]} 27. bxc5 {[%emt 0:00:12]} Qa8 {[%emt 0:00:46]} 28. c6 {[%emt 0:01:43]} Bc8 {[%emt 0:00:22]} 29. a3 {[%emt 0:01:13]} g4 {[%emt 0:00:42]} 30. Nc4 {[%emt 0:01:54]} gxf3 {[%emt 0:01:21]} 31. gxf3 {[%emt 0:00:33]} Ra4 {[%emt 0:00:43]} 32. Nb2 {[%emt 0:02:34]} Qa5+ {[%emt 0:01:11]} 33. Kd1 {[%emt 0:04:06]} Rxe4 {[%emt 0:00:42]} 34. fxe4 {[%emt 0:01:18]} Nxe4 {[%emt 0:00:18]} 35. Be1 {[%emt 0:02:55]} Bg4+ {[%emt 0:02:21]} 36. Kc1 {[%emt 0:00:04]} Nc5 {[%emt 0:00:58]} 37. Qc4 {[%emt 0:00:11]} Qa8 {[%emt 0:00:39]} 38. Nd3 {[%emt 0:01:31]} Be2 {[%emt 0:00:12]} 39. Nxe5+ {[%emt 0:00:17]} Bxe5 {[%emt 0:00:05]} 40. Qxe2 {[%emt 0:00:07]} Rh8 {[%emt 0:00:16]} 41. Rxh8 {[%emt 0:34:20]} Qxh8 {[%emt 0:30:01]} 42. Qf3 {[%emt 0:03:09]} Qh2 {[%emt 0:00:56]} 43. Bf2 {[%emt 0:01:56]} Qxf2 {[%emt 0:00:14]} 44. Qxf2 {[%emt 0:00:55]} Nd3+ {[%emt 0:00:04]} 45. Kd2 {[%emt 0:00:18]} Nxf2 {[%emt 0:00:05]} 46. Rb7 {[%emt 0:01:26]} Kf6 {[%emt 0:00:56]} 47. Rxc7 {[%emt 0:00:25]} Ne4+ {[%emt 0:00:04]} 48. Kd3 {[%emt 0:00:54]} Nc5+ {[%emt 0:00:50]} 49. Ke2 {[%emt 0:00:23]} Kf5 {[%emt 0:00:09]} 50. Rf7+ {[%emt 0:00:28]} Ke4 {[%emt 0:00:10]} 51. c7 {[%emt 0:00:25]} 1-0